The Alphabet: Close Up Quiz Stats

Quiz Updated Mar 23, 2017

Challenge
Share
Tweet
Score 0/25 Timer 02:00
1 Play Today
Number Letter % Correct
1???
95.8%
2???
94.3%
10???
92.5%
9???
89%
16???
88.5%
22???
88.3%
20???
88.1%
14???
87.8%
23???
86.8%
3???
86.1%
21???
86%
19???
85.9%
17???
84.8%
Number Letter % Correct
8???
84%
25???
84%
13???
82.9%
18???
82.1%
7???
77.8%
24???
74%
11???
72.5%
5???
67.8%
12???
67.6%
4???
61.2%
15???
49.3%
6???
12.1%

You're not logged in!

Compare scores with friends on all Sporcle quizzes.
Join for Free
OR
Log In

You Might Also Like...

Show Comments

Extras

Top Quizzes Today


Score Distribution

Your Account Isn't Verified!

In order to create a playlist on Sporcle, you need to verify the email address you used during registration. Go to your Sporcle Settings to finish the process.

Report this User

Report this user for behavior that violates our Community Guidelines.

Details: